Statistics for US States Bigger Than Italy

Click here to take the quiz!

General Stats

  • This quiz has been taken 130 times
  • The average score is 5 of 5

Answer Stats

Answer% Correct
California
98%
Texas
98%
Alaska
93%
Montana
87%
New Mexico
74%

Score Distribution

Percentile by Number Answered

Percent of People with Each Score

Your Score History

You have not taken this quiz